| 000 | 01060cab a2200373 4500 | ||
|---|---|---|---|
| 001 | ABS52851 | ||
| 008 | 090401t1995 xxu||||| |||| 00| 0 eng d | ||
| 035 | _a(Sirsi) u457 | ||
| 041 | _aeng | ||
| 245 | _aM25 property review | ||
| 260 | _c1995 | ||
| 300 | _aLOAN | ||
| 350 | _a0 | ||
| 490 |
_aEstates Times _vSupplement 12 May 1995 (50) |
||
| 650 | _aBUSINESS PARKS | ||
| 650 | _aCROYDON | ||
| 650 | _aHERTFORDSHIRE | ||
| 650 | _aINDUSTRIAL MARKET | ||
| 650 | _aINFRASTRUCTURE ISSUES | ||
| 650 | _aM25 CORRIDOR | ||
| 650 | _aPROPERTY-COMMERCIAL PROPERTY-OFFICE PROPERTY-OFFICE PROPERTY MARKET | ||
| 650 | _aPLANNING ISSUES | ||
| 650 | _aPROPERTY-COMMERCIAL PROPERTY-RETAIL PROPERTY-RETAIL PROPERTY MARKET | ||
| 650 | _aSERVICE STATIONS | ||
| 650 | _aSHOPPING CENTRES | ||
| 650 | _aSPECULATIVE DEVELOPMENT | ||
| 650 | _aTHAMES GATEWAY | ||
| 650 | _aTHAMES VALLEY | ||
| 650 | _aTRANSPORT ISSUES | ||
| 650 | _aWEST LONDON | ||
| 690 | _aPROPERTY-COMMERCIAL PROPERTY-COMMERCIAL PROPERTY MARKET | ||
| 942 | _n0 | ||
| 948 | _c04/03/1997 | ||
| 999 |
_c194 _d194 |
||